Bilecik Bilecik Bilecik Bilecik Bilecik

Târîhi hukemâu'l-İslâm/ (Record no. 63958)

MARC details
000 -BAŞLIK
Sabit Uzunluktaki Kontrol Alanı 00872nam a22002897a 4500
001 - KONTROL NUMARASI
Control Dosyası 0064162
003 - KONTROL NUMARASI KİMLİĞİ
Kontrol Alanı KOHA_MİRAKIL
005 - EN SON İŞLEM TARİHİ ve ZAMANI
Kontrol Alanı 20260207004456.0
007 - FİZİKSEL TANIM SABİT ALAN - GENEL BİLGİ
Sabit uzunluklu kontrol alanı ta
008 - SABİT UZUNLUKTAKİ VERİ ÖGELERİ - GENEL BİLGİ
Sabit Alan 190304b tu |||gr||||#0|||0|ara |
040 ## - KATALOGLAMA KAYNAĞI
Özgün Kataloglama Kurumu TR-BiSEU
Kataloglama Dili tur
Çeviri Kurumu TR-BiSEU
Açıklama Kuralları rda
041 0# - DİL KODU
Metin ya da ses kaydının dil kodu ara
044 ## - YAYINLAYAN/ÜRETEN KURULUŞUN ÜLKE KODU
ISO country code tu
050 ## - SINIFLAMA ve YER NUMARASI
Sınıflama Numarası D17
Yer Numarası .B39 1946
100 1# - KİŞİ ADI
Yazar Adı (Kişi adı) el-Bayhaki, Zehirüddîn.
245 1# - ESER ADI BİLDİRİMİ
Başlık Târîhi hukemâu'l-İslâm/
Sorumluluk Bildirimi Zehirüddîn el-Bayhaki ; Zehirüddîn el-Bayhaki ; muhakkik Muhammad Kürd Ali.
264 #1 - ÜRERİM, YAYIN, DAĞITIM ve TELİF BİLDİRİMİ
Yayın yeri Dımaşk :
Yayınlayan Matba'atü't-Tarakî
300 ## - FİZİKSEL TANIMLAMA
Sayfa, Cilt vb. 304 sayfa ;
Boyutları 24 cm.
336 ## - İÇERİK TÜRÜ
Content type term metin
Content type code txt
Source rdacontent
337 ## - MEDYA TÜRÜ
Media type term aracısız
Media type code n
Source rdamedia
338 ## - TAŞIYICI TÜRÜ
Carrier type term cilt
Carrier type code nc
Source rdacarrier
650 #0 - KONU BAŞLIĞI EK GİRİŞ - KONU TERİMİ
Konusal terim veya coğrafi ad Tarih.
9 (RLIN) 1474
650 #0 - KONU BAŞLIĞI EK GİRİŞ - KONU TERİMİ
Konusal terim veya coğrafi ad İslam ülkeleri--Biyografi.
9 (RLIN) 118588
650 #0 - KONU BAŞLIĞI EK GİRİŞ - KONU TERİMİ
Konusal terim veya coğrafi ad Muslim countries--Biography.
9 (RLIN) 21713
907 ## - LOCAL DATA ELEMENT G, LDG (RLIN)
a Tarih
942 ## - EK GİRİŞ ÖGELERİ (KOHA)
Source of classification or shelving scheme Library of Congress Classification
Koha item type Book
Holdings
Materyal Türü Kalıcı Konum Mevcut Konum Raf Yeri Koleksiyon Kodu Sınıflandırma Kaynağı Edinim Bilgisi Ana Konular Alt Konular Yer Numarası Demirbaş Numarası Fatura Tarihi Geri Çekilme Durumu Kayıp Durumu Hasarlı Durumu Kredi için değil Kayıt Tarih Toplam Ödünçverme Son Görülme Tarihi Son Kontrol Tarihi Genel / Bağış Notu
Book Prof. Dr. Azmi Özcan Kütüphanesi Prof. Dr. Azmi Özcan Kütüphanesi Uluğbey Salonu Özel Library of Congress Classification Bağış DÜNYA TARİHİ (AVRUPA, ASYA, AFRİKA VB.) Tarih (Genel) D17 .B39 1946 0064162 02/02/2026       Ödünç verilmez 04/03/2019   14/11/2025 14/11/2025 Genel Bağış